| 000 | 00318nam a22001337a 4500 | ||
|---|---|---|---|
| 082 | _aP-373 | ||
| 100 |
_aHussain. _934544 |
||
| 245 |
_aDeveloment of ferrocement wall system/ _bHussain, Babar |
||
| 260 | _aMCE | ||
| 526 |
_a0 _b0 _c0 _dP_373 |
||
| 650 | _aProject. | ||
| 700 |
_aSardar Khan. _947692 |
||
| 942 |
_2ddc _cBK |
||
| 999 |
_c550856 _d550856 |
||